000 00550nam a2200205Ia 4500
005 20221012103234.0
008 131103s9999 xx 000 0 und d
040 _aLoreto College
041 _aEnglish
082 _a152
_bHYM
100 _aHyman, Ray
245 4 _aThe Nature of psychological inquiry
_cRay Hyman
260 _aNew Delhi
_bPrentice-Hall of India
_c1970
300 _axi,116p
440 _aFoundations of modern psychology series
650 _aPsychological Inquiry
651 _aPsychology
850 _aLCLIB
942 _cBK
999 _c19233
_d69712